[Event "World Youth Girl U14 2016"]
[Site "Khanty-Mansiysk RUS"]
[Date "2016.09.24"]
[Round "3.32"]
[White "Ebeling, Mariela"]
[Black "Gomes, Maria Eduarda"]
[Result "1-0"]
[WhiteElo "1459"]
[BlackElo "1569"]
[WhiteFideId "508080"]
[BlackFideId "2158957"]
[EventDate "2016.09.22"]

1. e4 e5 2. Nf3 Nc6 3. Nc3 Bc5 4. Nxe5 Nxe5 5. d4 Bxd4 6. Qxd4 f6 7. f4 Nc6 8.
Qf2 Nge7 9. Be3 d6 10. Qg3 g6 11. a3 Be6 12. O-O-O Qd7 13. Be2 Bf7 14. Qf2 O-O-O
15. Bxa7 b6 16. Bxb6 cxb6 17. Qxb6 Qc7 18. Qxc7+ Kxc7 19. Nb5+ Kb6 20. Nxd6 Be6
21. g4 Rhg8 22. Nc4+ Kc7 23. Ne3 Nd4 24. Bd3 Nf3 25. Rdf1 Nd4 26. h3 Nb3+ 27.
Kd1 Nc5 28. Ke2 Nc6 29. Rd1 Nd4+ 30. Kf2 Bc8 31. b4 Nce6 32. Bc4 Rge8 33. c3 Nc6
34. f5 Ng5 35. Nd5+ Kb7 36. Nxf6 Nxe4+ 37. Nxe4 Rxe4 38. Rxd8 Rxc4 39. Rd3 gxf5
40. gxf5 Bxf5 41. Re3 Kb6 42. Rd1 Be4 43. Rde1 Bf5 44. Rd1 Be4 45. Rd6 Kb5 46.
Re6 Bd5 47. Rh6 Rf4+ 48. Kg3 Rf7 49. Rh5 Rg7+ 50. Kf4 Rd7 51. Rd3 Kc4 52. Rd1
Rf7+ 53. Rf5 Rd7 54. Kg5 Nd8 55. Kf4 Ne6+ 56. Ke5 Nc7 57. Rf4+ Kxc3 58. Rfd4 Kb3
59. Rxd5 Re7+ 60. Kf6 Nxd5+ 61. Rxd5 Rb7 62. Rd3+ Ka4 63. Kg5 Rb5+ 64. Kh6 Rb7
65. Rc3 Rd7 66. h4 Rb7 67. h5 Rd7 68. Rg3 Rc7 69. Rg7 Rc1 70. Kxh7 Rh1 71. Rg5
Kxa3 72. b5 Ka4 73. Kg7 Rd1 74. h6 Rd7+ 75. Kg6 Rd6+ 76. Kh5 Rd1 77. h7 1-0

[Event "World Youth Girl U14 2016"]
[Site "Khanty-Mansiysk RUS"]
[Date "2016.09.24"]
[Round "3.33"]
[White "Akulova, Alicia"]
[Black "Parhomenko, Anastasija"]
[Result "1-0"]
[WhiteElo "1563"]
[BlackElo "1506"]
[WhiteFideId "242861"]
[BlackFideId "11606185"]
[EventDate "2016.09.22"]

1. e4 c5 2. Nf3 a6 3. c3 e6 4. d4 cxd4 5. cxd4 Be7 6. Nc3 d6 7. Bd3 Nf6 8. O-O
O-O 9. e5 dxe5 10. dxe5 Nfd7 11. Qc2 h6 12. Qe2 Re8 13. Rd1 Qc7 14. Qe4 Nf8 15.
Qg4 Kh8 16. Qh5 Bd8 17. Ne4 Nc6 18. Bxh6 g6 19. Qh3 Nh7 20. Nf6 Bxf6 21. exf6
Qe5 22. Ng5 Qd4 23. Bg7+ 1-0

[Event "World Youth Girl U14 2016"]
[Site "Khanty-Mansiysk RUS"]
[Date "2016.09.24"]
[Round "3.34"]
[White "Khannanova, Lina"]
[Black "Marais, Nina"]
[Result "0-1"]
[BlackTitle "WCM"]
[WhiteElo "1397"]
[BlackElo "1544"]
[WhiteFideId "44131623"]
[BlackFideId "14306883"]
[EventDate "2016.09.22"]

1. e4 e6 2. d4 d5 3. e5 c5 4. c3 Nc6 5. Nf3 Bd7 6. a3 Nge7 7. b4 cxd4 8. cxd4
Nf5 9. Be3 Be7 10. Be2 Nxe3 11. fxe3 Bh4+ 12. g3 Bg5 13. Nxg5 Qxg5 14. Qd3 O-O
15. Nc3 Ne7 16. e4 Rac8 17. h4 Qh6 18. g4 dxe4 19. Nxe4 Bc6 20. g5 Qg6 21. Bf3
Rfd8 22. h5 Qf5 23. Kf2 Bxe4 24. Qxe4 Qxg5 25. Qe3 Rc2+ 26. Be2 Qxe3+ 27. Kxe3
Nf5+ 28. Kf2 Nxd4 29. Rhe1 Nxe2 30. Rxe2 Rc3 31. Kg2 h6 32. a4 Rd4 33. b5 Rg4+
34. Kf2 Rh4 35. a5 Rxh5 36. b6 a6 37. Rd1 Rh2+ 38. Ke1 Rh1+ 39. Kd2 Rxd1+ 40.
Kxc3 Rd5 41. Kb4 Rd7 42. Re4 g5 43. Rc4 Kf8 44. Rc7 Ke7 45. Rc2 h5 46. Rh2 h4
47. Rg2 Rd4+ 48. Kc3 Ra4 49. Rxg5 Rxa5 50. Rg4 Rxe5 51. Rxh4 Rb5 52. Rc4 Rxb6 0-1

[Event "World Youth Girl U14 2016"]
[Site "Khanty-Mansiysk RUS"]
[Date "2016.09.24"]
[Round "3.35"]
[White "Gronn, Embla Ekeland"]
[Black "Kvamme, Ingrid Jodre"]
[Result "1-0"]
[WhiteElo "1533"]
[BlackElo "1450"]
[WhiteFideId "1517600"]
[BlackFideId "1516981"]
[EventDate "2016.09.22"]

1. d4 c5 2. d5 e5 3. e4 d6 4. Nc3 a6 5. a4 Be7 6. Be2 Bg5 7. Nf3 Bxc1 8. Qxc1
Ne7 9. Nd2 Nd7 10. O-O O-O 11. a5 b5 12. axb6 Nxb6 13. Nc4 Nxc4 14. Bxc4 Qb6 15.
Qd2 Ng6 16. Ne2 f5 17. exf5 Bxf5 18. Ra2 Bc8 19. Rfa1 Rf7 20. Qa5 Qxa5 21. Rxa5
Rfa7 22. Ng3 Rb8 23. b3 Rb6 24. Ne4 Ne7 25. Nxc5 dxc5 26. d6+ Kf8 27. dxe7+ Kxe7
28. Rxc5 Bf5 29. Rxe5+ Kf6 30. Re2 Rd6 31. h3 a5 32. c3 Rc6 33. g4 Bg6 34. Rae1
Bf7 35. Bxf7 Kxf7 36. c4 a4 37. Ra1 a3 38. Rea2 Rca6 39. c5 Rc6 40. b4 Rb7 41.
Rxa3 Rxb4 42. Ra7+ Kf6 43. R7a6 Rxa6 44. Rxa6+ Ke5 45. Ra7 Kf6 46. c6 Rc4 47. c7
Rc6 48. Ra6 1-0

[Event "World Youth Girl U14 2016"]
[Site "Khanty-Mansiysk RUS"]
[Date "2016.09.25"]
[Round "4.1"]
[White "Zhu, Jiner"]
[Black "Solozhenkina, Elizaveta"]
[Result "1/2-1/2"]
[BlackTitle "WFM"]
[WhiteElo "2024"]
[BlackElo "2320"]
[WhiteFideId "8608059"]
[BlackFideId "34106615"]
[EventDate "2016.09.22"]

1. e4 c5 2. Nf3 d6 3. d4 cxd4 4. Nxd4 Nf6 5. Nc3 a6 6. Be3 Ng4 7. Bc1 Nf6 8. Be3
e6 9. f3 Nbd7 10. Qd2 b5 11. O-O-O Bb7 12. Kb1 Qc7 13. Ndxb5 axb5 14. Nxb5 Qb8
15. Nxd6+ Bxd6 16. Qxd6 Qxd6 17. Rxd6 Ke7 18. Rd1 Rhc8 19. Be2 Ne5 20. Bd4 Nfd7
21. Rd2 Ba6 22. Bxa6 Rxa6 23. b3 Rca8 24. a4 Rb8 25. Bb2 f6 26. Rhd1 Nb6 27.
Bxe5 fxe5 28. Kc1 Ra7 29. c3 Rc7 30. Rc2 Nd7 31. b4 Nb6 32. a5 Nc4 33. Rd3 Rd7
34. Rxd7+ Kxd7 35. Ra2 Kc6 36. Kc2 Kb5 37. a6 Ra8 38. a7 h5 39. Kb3 h4 40. Kc2
Ne3+ 41. Kb3 Nc4 42. g3 h3 43. Kc2 Kb6 44. Kd3 Kb5 45. Kc2 1/2-1/2

[Event "World Youth Girl U14 2016"]
[Site "Khanty-Mansiysk RUS"]
[Date "2016.09.25"]
[Round "4.2"]
[White "Maltsevskaya, Aleksandra"]
[Black "Gomez Barrera, Javiera Belen"]
[Result "1/2-1/2"]
[BlackTitle "WFM"]
[WhiteElo "2319"]
[BlackElo "2027"]
[WhiteFideId "24174041"]
[BlackFideId "3418723"]
[EventDate "2016.09.22"]

1. e4 e5 2. Nf3 Nc6 3. Bb5 a6 4. Ba4 Nf6 5. O-O Be7 6. Re1 b5 7. Bb3 d6 8. c3
O-O 9. h3 Bb7 10. d4 Re8 11. Nbd2 h6 12. a3 Bf8 13. Bc2 Nb8 14. b4 c5 15. bxc5
exd4 16. cxd4 dxc5 17. e5 Nd5 18. Ne4 c4 19. Nh2 Qh4 20. Qf3 Nc6 21. Be3 b4 22.
Qf5 Nce7 23. Qd7 Bc6 24. Qd6 Rac8 25. Nf3 Qh5 26. Ng3 Qxf3 27. gxf3 Ng6 28. Bxg6
Bxd6 29. Bf5 Bf8 30. Bxc8 Rxc8 31. axb4 Nxb4 32. Rec1 Bxf3 33. Nf5 Rc6 34. Kh2
c3 35. Rg1 Kh7 36. Bc1 Be4 37. Ng3 Bf3 38. Ba3 a5 39. Nf5 Be4 40. Ne3 Rc8 41.
Rg4 Bb7 42. Nf5 c2 43. Nd6 Bxd6 44. exd6 Rd8 45. Rc1 Bf3 46. Rf4 Bd1 47. Rxf7
Rxd6 48. Ra7 Rd5 49. Ra1 Nd3 50. Rc7 Rb5 51. Ra2 Rd5 52. Ra1 Rb5 53. Rc3 Rb1 54.
Ra2 Nb4 55. Rb2 c1=Q 56. Rxc1 Rxc1 57. Rxb4 axb4 58. Bxc1 Kg6 59. Bb2 Bb3 60.
Kg3 Bd5 61. Kf4 Kf6 62. h4 g6 1/2-1/2

[Event "World Youth Girl U14 2016"]
[Site "Khanty-Mansiysk RUS"]
[Date "2016.09.25"]
[Round "4.3"]
[White "Serikbay, Assel"]
[Black "Goltseva, Ekaterina"]
[Result "0-1"]
[WhiteTitle "WFM"]
[BlackTitle "WFM"]
[WhiteElo "1996"]
[BlackElo "2212"]
[WhiteFideId "13706799"]
[BlackFideId "24173770"]
[EventDate "2016.09.22"]

1. d4 Nf6 2. Nf3 e6 3. c4 b6 4. g3 Bb7 5. Bg2 Bb4+ 6. Bd2 Bxd2+ 7. Qxd2 O-O 8.
O-O d6 9. Nc3 Nbd7 10. Qc2 Qe7 11. e4 e5 12. d5 a5 13. Nh4 g6 14. Nd1 Nh5 15.
Ne3 Ng7 16. Bh3 Nc5 17. Rae1 Bc8 18. Bxc8 Raxc8 19. h3 Qg5 20. Nf3 Qh5 21. Kg2
f5 22. exf5 gxf5 23. g4 Qh6 24. gxf5 e4 25. Nd4 Nd3 26. Rh1 Qf6 27. Ne6 Nxf5 28.
Nxf5 Qxf5 29. Re2 Rf6 30. Rg1 Rg6+ 31. Kh2 Rxg1 32. Kxg1 Kf7 33. Rxe4 Rg8+ 34.
Rg4 Rxg4+ 35. hxg4 Qxg4+ 36. Kf1 Qg6 37. Nxc7 Qe4 38. Ne6 Ke7 39. Qd2 Qh1+ 40.
Ke2 Nc1+ 41. Ke3 Nxa2 42. Nd4 Nb4 43. Nf5+ Kd7 44. Qc3 Qh3+ 45. Ng3 Qh6+ 46. Ke2
Qg6 47. f4 Qg4+ 48. Qf3 Qxf3+ 49. Kxf3 Nd3 50. b3 Nc5 51. Ke3 Nxb3 52. Kd3 Nc5+
53. Kc3 h6 54. Kc2 a4 55. Kb2 Nd3+ 56. Ka3 Nxf4 57. Kxa4 h5 58. Kb5 Kc7 59. Nf5
Ng2 60. Nd4 h4 61. Ne6+ Kb7 62. Nd8+ Kc8 63. Nf7 Kc7 64. Ng5 Nf4 65. Kb4 h3 66.
Nf3 Ne2 67. Nh2 Kb7 68. Kb3 Nd4+ 69. Kc3 Nf5 70. Kd3 Ne7 71. Ke4 Ng6 72. Kf3
Ne5+ 73. Kg3 Nxc4 74. Kxh3 Ne3 75. Kg3 Nxd5 76. Kf3 Kc6 77. Nf1 Nb4 78. Nd2 d5
79. Ke3 Kc5 80. Nb3+ Kc4 81. Nd2+ Kc3 82. Nb1+ Kb2 83. Nd2 Kc2 84. Nf3 Nc6 85.
Kf4 b5 86. Ne1+ Kc3 0-1

[Event "World Youth Girl U14 2016"]
[Site "Khanty-Mansiysk RUS"]
[Date "2016.09.25"]
[Round "4.4"]
[White "Koroleva, Evgeniya"]
[Black "Salonika, Saina"]
[Result "1/2-1/2"]
[BlackTitle "WCM"]
[WhiteElo "1970"]
[BlackElo "2093"]
[WhiteFideId "34124010"]
[BlackFideId "25013971"]
[EventDate "2016.09.22"]

1. d4 Nf6 2. c4 g6 3. Nc3 Bg7 4. e4 d6 5. Be2 O-O 6. Bg5 Na6 7. Qd2 e5 8. d5 c6
9. f3 cxd5 10. cxd5 Bd7 11. h4 h5 12. Nh3 Qa5 13. Nf2 b5 14. Nxb5 Nb4 15. Nc3
Qb6 16. O-O a5 17. Be3 Qb8 18. b3 Nh7 19. Bh6 f5 20. Bxg7 Kxg7 21. f4 exf4 22.
Qxf4 fxe4 23. Qxe4 Qb6 24. Rad1 Rae8 25. Qd4+ Qxd4 26. Rxd4 Nxa2 27. Nce4 Nb4
28. Bf3 Nc2 29. Rd2 Ne3 30. Ra1 Nf5 31. Rxa5 Nxh4 32. Ra7 Re7 33. Rc2 Nxf3+ 34.
gxf3 Rxf3 35. Rcc7 Nf8 36. Nxd6 Rxb3 37. Kg2 h4 38. Nde4 h3+ 39. Kg1 Rb1+ 40.
Kh2 Rb2 41. Kh1 Rb1+ 42. Kh2 Rb2 43. Kh1 1/2-1/2

[Event "World Youth Girl U14 2016"]
[Site "Khanty-Mansiysk RUS"]
[Date "2016.09.25"]
[Round "4.5"]
[White "Grigorieva, Yulia"]
[Black "Priyanka, Nutakki"]
[Result "0-1"]
[WhiteElo "1923"]
[BlackElo "2070"]
[WhiteFideId "34104868"]
[BlackFideId "25049615"]
[EventDate "2016.09.22"]

1. e4 e6 2. d4 d5 3. e5 c5 4. c3 Nc6 5. Nf3 Bd7 6. a3 Nge7 7. b4 cxd4 8. cxd4
Nf5 9. Be3 b5 10. Bxb5 Nxe5 11. Bxd7+ Nxd7 12. O-O Be7 13. Nbd2 a5 14. b5 a4 15.
Qc2 O-O 16. Rfc1 Qb8 17. Qb2 Ra5 18. Rab1 Nd6 19. Bf4 Rxb5 20. Qc2 Rxb1 21. Rxb1
Qa7 22. Bxd6 Bxd6 23. Qc6 Qc7 24. Qxa4 Nf6 25. Qa6 Ne4 26. Nxe4 dxe4 27. Ng5
Bxh2+ 28. Kh1 Qc2 29. Qb7 Bd6 30. Nxe4 Bxa3 31. Rb3 Bc1 32. Rc3 Qd1+ 33. Kh2 Bh6
34. Qd7 Qh5+ 35. Rh3 Qf5 36. f3 Rb8 37. Ng3 Bf4 38. Kg1 Qb1+ 39. Kh2 Qg6 40. Qe7
h6 41. Qh4 Bd6 42. f4 Rb2 43. Qd8+ Kh7 44. Qxd6 Qc2 45. Ne2 Qxe2 46. Rg3 Qh5+
47. Rh3 Qg4 48. Rg3 Qh4+ 49. Rh3 Qf2 50. Rg3 Rb1 51. Rc3 Qg1+ 52. Kh3 Qh1+ 53.
Kg3 Qe1+ 54. Kh2 Qxc3 55. f5 Qe1 56. Kh3 Rb3+ 57. Kg4 Qe4+ 58. Kh5 g6+ 0-1

[Event "World Youth Girl U14 2016"]
[Site "Khanty-Mansiysk RUS"]
[Date "2016.09.25"]
[Round "4.6"]
[White "Wang, Annie"]
[Black "Vantika, Agrawal"]
[Result "1-0"]
[WhiteTitle "WIM"]
[WhiteElo "2013"]
[BlackElo "2012"]
[WhiteFideId "2053900"]
[BlackFideId "25050389"]
[EventDate "2016.09.22"]

1. d4 Nf6 2. c4 g6 3. Nc3 Bg7 4. e4 d6 5. Nf3 O-O 6. Be2 e5 7. Be3 Ng4 8. Bg5 f6
9. Bh4 Nc6 10. d5 Ne7 11. Nd2 f5 12. exf5 gxf5 13. Bxg4 fxg4 14. O-O Qe8 15.
Bxe7 Qxe7 16. Nde4 b6 17. Qe2 Bd7 18. b4 a5 19. a3 Rf5 20. Qxg4 Rxf2 21. Qg3 Rf4
22. h3 Bf5 23. Rae1 axb4 24. axb4 Ra3 25. Re3 Qf8 26. Rfe1 Rb3 27. b5 Rb4 28.
Nd2 Bg6 29. Nce4 Bh6 30. Ra3 Qf7 31. Qc3 Bxe4 32. Nxe4 Rxe4 33. Rxe4 Rb1+ 34.
Re1 Qg6 35. Ra1 Rxa1 36. Rxa1 Bf4 37. Qf3 h5 38. Kh1 Kg7 39. h4 Qf5 40. Rg1 e4
41. g4 exf3 42. gxf5+ Kf6 43. Rf1 Kxf5 44. Rxf3 Ke5 45. Kg2 Bd2 46. Rf7 Kd4 47.
Rxc7 Bb4 48. Kf3 Bc5 49. Rh7 Kxc4 50. Rxh5 Kxb5 51. Rg5 Bd4 52. h5 Kc5 53. Ke4
b5 54. Rg8 Be5 55. h6 b4 56. h7 b3 57. h8=Q Bxh8 58. Rxh8 Kb4 59. Rb8+ Kc3 60.
Kf5 1-0

[Event "World Youth Girl U14 2016"]
[Site "Khanty-Mansiysk RUS"]
[Date "2016.09.25"]
[Round "4.7"]
[White "Mishra, Anwesha"]
[Black "Antova, Gabriela"]
[Result "0-1"]
[WhiteTitle "WFM"]
[BlackTitle "FM"]
[WhiteElo "1819"]
[BlackElo "2253"]
[WhiteFideId "35002767"]
[BlackFideId "2915235"]
[EventDate "2016.09.22"]

1. d4 d5 2. c4 dxc4 3. e3 e5 4. Bxc4 exd4 5. exd4 Nf6 6. Nc3 Be7 7. Nf3 O-O 8.
h3 Nbd7 9. O-O Nb6 10. Bb3 c6 11. Ne5 Nbd5 12. Nc4 Be6 13. Ne3 Qd7 14. Qf3 Nc7
15. Bxe6 Nxe6 16. d5 Nd4 17. Qd1 c5 18. Ne2 Nxe2+ 19. Qxe2 Rfe8 20. Qf3 Bd6 21.
Bd2 Be5 22. Bc3 Bxc3 23. bxc3 Ne4 24. Rfc1 b5 25. c4 b4 26. Rd1 a5 27. d6 Ra6
28. Qf5 Qxf5 29. Nxf5 g6 30. d7 Rd8 31. Nh6+ Kg7 32. Ng4 h5 33. Ne3 Ra7 34. Rd5
Raxd7 35. f3 Rxd5 36. Nxd5 Nd2 37. Nb6 Rd6 38. Na4 Nxc4 39. Rc1 Nb6 40. Nxc5 Rd2
41. Ra1 Rc2 42. Nd3 Nd5 43. a3 b3 44. Rb1 a4 45. Rb2 Rc3 46. Rd2 Rxd3 0-1

[Event "World Youth Girl U14 2016"]
[Site "Khanty-Mansiysk RUS"]
[Date "2016.09.25"]
[Round "4.8"]
[White "Badelka, Olga"]
[Black "Sibajeva, Marija"]
[Result "1-0"]
[BlackTitle "WCM"]
[WhiteElo "2222"]
[BlackElo "1913"]
[WhiteFideId "13509926"]
[BlackFideId "12807583"]
[EventDate "2016.09.22"]

1. c4 c5 2. Nc3 Nc6 3. g3 g6 4. Bg2 Bg7 5. d3 e5 6. e3 Nge7 7. Nge2 d6 8. O-O
Be6 9. Nd5 a6 10. a3 Rb8 11. b4 e4 12. Rb1 Nxd5 13. cxd5 Bxd5 14. dxe4 Ba2 15.
Bb2 Bxb1 16. Bxg7 Rg8 17. Ba1 Ba2 18. Qc2 Be6 19. bxc5 dxc5 20. Nf4 Qe7 21. Nd5
Bxd5 22. exd5 Ne5 23. d6 Qe6 24. Qxc5 Nd7 25. Qd4 Nf8 26. Rd1 Qd7 27. Qa7 Qc8
28. Bb2 Ra8 29. Qd4 Qd7 30. Qe4+ Ne6 31. Qh4 h5 32. Qb4 Rb8 33. Be5 f6 34. Bxf6
Kf7 35. Ba1 Rgd8 36. Qd2 Qe8 1-0

[Event "World Youth Girl U14 2016"]
[Site "Khanty-Mansiysk RUS"]
[Date "2016.09.25"]
[Round "4.9"]
[White "Zotova, Anastasia"]
[Black "Filippova, Darya"]
[Result "1-0"]
[WhiteTitle "WFM"]
[BlackTitle "WFM"]
[WhiteElo "2171"]
[BlackElo "1888"]
[WhiteFideId "34124907"]
[BlackFideId "24173738"]
[EventDate "2016.09.22"]

1. e4 c6 2. d4 d5 3. Nc3 dxe4 4. Nxe4 Bf5 5. Ng3 Bg6 6. h4 h6 7. Nf3 Nd7 8. h5
Bh7 9. Bd3 Bxd3 10. Qxd3 Ngf6 11. Bd2 e6 12. O-O-O Be7 13. Kb1 Rc8 14. Ne4 c5
15. g4 c4 16. Qe2 Nxe4 17. Qxe4 Qb6 18. c3 Qb5 19. Ne5 Nxe5 20. dxe5 a5 21. f4
a4 22. Qe2 Qa6 23. a3 Qb5 24. Ka1 Qb3 25. Bc1 Rc6 26. f5 Rb6 27. Qd2 Qb5 28.
Rhf1 Bg5 29. Qf2 O-O 30. Bxg5 hxg5 31. h6 gxh6 32. f6 h5 33. Rb1 Kh7 34. Rh1 Rh8
35. Rxh5+ Kg8 36. Rxh8+ Kxh8 37. Qh2+ Kg8 38. Qh6 1-0

[Event "World Youth Girl U14 2016"]
[Site "Khanty-Mansiysk RUS"]
[Date "2016.09.25"]
[Round "4.10"]
[White "Zahedifar, Anahita"]
[Black "Makhija, Aashna"]
[Result "0-1"]
[WhiteTitle "WFM"]
[WhiteElo "2081"]
[BlackElo "1830"]
[WhiteFideId "12560715"]
[BlackFideId "25011944"]
[EventDate "2016.09.22"]

1. d4 d5 2. c4 e6 3. Nc3 Nf6 4. cxd5 exd5 5. Bg5 c6 6. e3 Be7 7. Qc2 Nbd7 8. Bd3
h6 9. Bf4 Nh5 10. Nxd5 cxd5 11. Bc7 Bb4+ 12. Kd1 Qe7 13. Rc1 O-O 14. Qb3 Nhf6
15. Nf3 Bd6 16. Qc2 Re8 17. Bb5 Bxc7 18. Qxc7 Qb4 19. a4 a6 20. Bd3 Qxb2 21. Rb1
Qa2 22. Bc2 Qc4 23. Qxc4 dxc4 24. a5 Nd5 25. Nd2 c3 26. Nc4 N7f6 27. Ke2 Bd7 28.
Nd6 Re6 29. Nxb7 Bb5+ 30. Kf3 Nh5 31. g4 Rf6+ 32. Ke4 Bc6 33. Kd3 Rxf2 34. gxh5
Rd2+ 35. Kc4 Nxe3+ 0-1

[Event "World Youth Girl U14 2016"]
[Site "Khanty-Mansiysk RUS"]
[Date "2016.09.25"]
[Round "4.11"]
[White "Schulze, Lara"]
[Black "Vanduyfhuys, Daria"]
[Result "1/2-1/2"]
[WhiteTitle "WFM"]
[WhiteElo "2034"]
[BlackElo "1810"]
[WhiteFideId "12956830"]
[BlackFideId "246336"]
[EventDate "2016.09.22"]

1. e4 c5 2. Nf3 Nc6 3. d4 cxd4 4. Nxd4 e5 5. Nb5 d6 6. N1c3 a6 7. Na3 b5 8. Nd5
Nf6 9. Bg5 Be7 10. Bxf6 Bxf6 11. c4 bxc4 12. Nxc4 Nd4 13. Ndb6 Rb8 14. Nxc8 Rxc8
15. Qa4+ Kf8 16. Bd3 Rc6 17. O-O g6 18. Rfd1 Kg7 19. Bf1 Qa8 20. Na5 Rb6 21.
Rac1 Qxe4 22. Nc4 Rbb8 23. Qxa6 Ra8 24. Qb6 Rhb8 25. Qxd6 Rd8 26. Qc7 Ne6 27.
Qb6 Rdb8 28. Qe3 Qxe3 29. fxe3 Rxa2 30. Rd7 Nc5 31. Rc7 Ne6 32. Rd7 Nc5 33. Rd5
Ne6 34. Rc2 Rb3 35. g3 Ra8 36. Nxe5 Rxe3 37. Nc4 Rb3 38. Bh3 Nd4 39. Rf2 1/2-1/2

[Event "World Youth Girl U14 2016"]
[Site "Khanty-Mansiysk RUS"]
[Date "2016.09.25"]
[Round "4.12"]
[White "Nayberg, Simona"]
[Black "Beydullayeva, Govhar"]
[Result "0-1"]
[BlackTitle "WCM"]
[WhiteElo "1807"]
[BlackElo "1994"]
[WhiteFideId "2075180"]
[BlackFideId "13413015"]
[EventDate "2016.09.22"]

1. e4 e6 2. Nf3 d5 3. Nc3 Nf6 4. e5 Nfd7 5. d4 c5 6. dxc5 Bxc5 7. Bd3 Nc6 8. Bf4
a6 9. Qd2 b5 10. a3 Bb7 11. O-O Be7 12. Rfe1 Nc5 13. b4 Nxd3 14. cxd3 O-O 15. d4
Qb6 16. Qd3 Rfc8 17. Re3 Rc7 18. Rd1 Rac8 19. Ne2 a5 20. Ng5 Bxg5 21. Bxg5 Ne7
22. Bxe7 Rxe7 23. Rh3 h6 24. Qg3 Kh7 25. Qg4 Qd8 26. Nf4 Rec7 27. Rg3 Qg5 28.
Qf3 Qf5 29. Qe3 Rc3 30. Nd3 axb4 31. axb4 Ra8 32. Qe2 Rc4 33. Nc5 Bc6 34. Rf3
Qg6 35. Rg3 Qf5 36. Qb2 Rc2 37. Qb3 Qxf2+ 38. Kh1 Raa2 39. Nd3 Qxd4 40. Qb1 Qe4
41. Rg1 d4 42. Qf1 Qf5 43. Qb1 Be4 44. Qb3 Rxg2 45. R3xg2 Rxg2 46. Nc5 Rf2+ 47.
Nxe4 Qxe4+ 0-1

[Event "World Youth Girl U14 2016"]
[Site "Khanty-Mansiysk RUS"]
[Date "2016.09.25"]
[Round "4.14"]
[White "Kvendseth, Thyra"]
[Black "Dongo, Melanie"]
[Result "1/2-1/2"]
[WhiteElo "1745"]
[BlackElo "1981"]
[WhiteFideId "1520628"]
[BlackFideId "3813444"]
[EventDate "2016.09.22"]

1. d4 Nf6 2. c4 g6 3. g3 Bg7 4. Bg2 O-O 5. Nf3 d6 6. O-O Nc6 7. Nc3 a6 8. Bf4
Rb8 9. Rc1 Nh5 10. Be3 Bd7 11. a3 e5 12. dxe5 Nxe5 13. Nxe5 Bxe5 14. Qd2 Re8 15.
Ba7 Ra8 16. Bd4 Bc6 17. Bxc6 bxc6 18. Bxe5 Rxe5 19. f4 Re8 20. e4 f6 21. f5 g5
22. Qe2 Ng7 23. Kh1 Qe7 24. Rce1 Qe5 25. Qf2 Rab8 26. h4 h6 27. hxg5 hxg5 28.
Kg2 Rb3 29. Re2 Reb8 30. Rc1 Kf7 31. Rcc2 Rh8 32. Qa7 Qa5 33. Qd4 Rbb8 34. c5
Qxc5 35. Qxc5 dxc5 36. Na4 Rhd8 37. Nxc5 Rb6 38. Na4 Rb3 39. Rxc6 Rdd3 40. Rxc7+
Kg8 41. Rc8+ Kf7 42. g4 Rg3+ 43. Kf2 Rxg4 44. Rc3 Rb5 45. Rc7+ Kf8 46. Nc5 Rh4
47. Kf3 Nh5 48. Ne6+ Ke8 49. b4 Nf4 50. Nxf4 Rxf4+ 1/2-1/2

[Event "World Youth Girl U14 2016"]
[Site "Khanty-Mansiysk RUS"]
[Date "2016.09.25"]
[Round "4.15"]
[White "Yapa Bandara, Chamodya"]
[Black "Urh, Zala"]
[Result "0-1"]
[BlackTitle "WFM"]
[WhiteElo "1582"]
[BlackElo "1939"]
[WhiteFideId "9914706"]
[BlackFideId "14611481"]
[EventDate "2016.09.22"]

1. e4 e5 2. Nf3 Nc6 3. Bb5 a6 4. Ba4 Nf6 5. O-O Be7 6. Re1 b5 7. Bb3 d6 8. h3
O-O 9. c3 Nb8 10. d4 Nbd7 11. Nbd2 c5 12. Nf1 Re8 13. Ng3 Bf8 14. Bc2 g6 15. Nh4
Bb7 16. Qd3 Bg7 17. Nhf5 gxf5 18. Nxf5 Nf8 19. Bh6 Bxh6 20. Qg3+ Ng6 21. Nxh6+
Kg7 22. Nf5+ Kh8 23. dxe5 dxe5 24. Rad1 Qc7 25. Qg5 Re6 26. h4 Ne8 27. h5 Ne7
28. Nh6 Rxh6 29. Qxh6 Ng8 30. Qe3 Ngf6 31. Qh6 Qe7 32. Rd2 Ng7 33. Red1 Rg8 34.
Kf1 Ne6 35. Qe3 Ng4 36. Qh3 Qf6 37. Re1 Nf4 38. Qh1 Nh6 39. f3 Qg5 40. Rf2 Qg3
41. Rd1 Bc8 42. Rd6 Be6 43. b3 Nxg2 44. Rxe6 Ne3+ 45. Ke2 fxe6 46. Bb1 Ng2 47.
Kf1 Nf4 48. Rh2 b4 49. cxb4 cxb4 50. Bc2 Nf7 51. Rh4 Ng2 0-1

[Event "World Youth Girl U14 2016"]
[Site "Khanty-Mansiysk RUS"]
[Date "2016.09.25"]
[Round "4.16"]
[White "Vinokur, Yuliya"]
[Black "Tomcikova, Dominika"]
[Result "1-0"]
[WhiteElo "1956"]
[BlackElo "1713"]
[WhiteFideId "34127515"]
[BlackFideId "14935554"]
[EventDate "2016.09.22"]

1. d4 Nf6 2. c4 e6 3. Nc3 c5 4. d5 exd5 5. cxd5 d6 6. e4 g6 7. Bd3 Bg7 8. h3 O-O
9. Nf3 a6 10. a4 Nbd7 11. O-O Re8 12. Re1 Qc7 13. Bf4 Nh5 14. Bh2 Ne5 15. Be2
Nd7 16. Nd2 Bxc3 17. bxc3 Nhf6 18. Qc2 Ne5 19. f4 Ned7 20. Bd3 Rb8 21. c4 a5 22.
Qc3 b6 23. e5 Nh5 24. Ne4 dxe5 25. fxe5 Qd8 26. g4 Qh4 27. Bf1 Ng7 28. Bg3 Qd8
29. Nf6+ Nxf6 30. exf6 Rb7 31. fxg7 f5 32. Rxe8+ Qxe8 33. Re1 Re7 34. Rxe7 Qxe7
35. gxf5 Bxf5 36. d6 Qd7 37. Be5 Qxa4 38. Bg2 Be6 39. Qf3 Qe8 40. Qf6 Bxc4 41.
d7 1-0

[Event "World Youth Girl U14 2016"]
[Site "Khanty-Mansiysk RUS"]
[Date "2016.09.25"]
[Round "4.17"]
[White "Palma, Maria"]
[Black "Plaza Reino, Mercedes"]
[Result "1-0"]
[WhiteElo "1925"]
[BlackElo "1665"]
[WhiteFideId "898481"]
[BlackFideId "24511951"]
[EventDate "2016.09.22"]

1. Nf3 d5 2. c4 e6 3. g3 Nf6 4. Bg2 c6 5. d4 Nbd7 6. Nbd2 Be7 7. Qc2 O-O 8. O-O
b6 9. e4 dxe4 10. Nxe4 Bb7 11. Rd1 Nxe4 12. Qxe4 Nf6 13. Qe2 Qc8 14. Bf4 Re8 15.
Bh3 h6 16. Ne5 Bd6 17. Rac1 Qb8 18. b4 g5 19. Bd2 c5 20. bxc5 bxc5 21. Rb1 Qc7
22. Rxb7 Qxb7 23. Bg2 Qb2 24. Bxa8 Rxa8 25. Qf3 Rf8 26. Qxf6 cxd4 27. Nf3 Qc2
28. Rc1 Qd3 29. Qxd4 Qxf3 30. Qxd6 Qe2 31. Bc3 f6 32. Re1 Qc2 33. Qxe6+ Kg7 34.
Qe7+ Rf7 35. Qe3 Qxa2 36. c5 Qa6 37. Qe6 Qb7 38. c6 Qc7 39. Qd5 Qc8 40. Ba5 a6
41. Qe6 Qa8 42. c7 Rf8 43. Qd7+ Kg8 44. Re7 1-0